संस्कृत शिक्षण (Record no. 8064)

MARC details
000 -LEADER
fixed length control field 01268 a2200241 4500
005 - DATE AND TIME OF LATEST TRANSACTION
control field 20080922103335.0
008 - FIXED-LENGTH DATA ELEMENTS--GENERAL INFORMATION
fixed length control field 080922t xxu||||| |||| 00| 0 hin d
010 ## - LCCN (DPL NO)
LC control number HIN-81283
020 ## - INTERNATIONAL STANDARD BOOK NUMBER
Terms of availability 500.00
International Standard Book Number 8179101355
035 ## - SYSTEM CONTROL NUMBER
System control number HN-53629
037 ## - SOURCE OF ACQUISITION
Source of stock number/acquisition D.B.Act / pub
082 ## - DEWEY DECIMAL CLASSIFICATION NUMBER
Classification number 815
100 ## - MAIN ENTRY--PERSONAL NAME
Personal name शर्मा, रीटा
245 ## - TITLE STATEMENT
Title संस्कृत शिक्षण
Statement of responsibility, etc रीटा शर्मा तथा अमित जौन
246 ## - VARYING FORM OF TITLE
Title proper/short title Shankrit Shikcha
Remainder of title by Reeta Sharma&Amita Jain
260 ## - PUBLICATION, DISTRIBUTION, ETC. (IMPRINT)
Place of publication, distribution, etc जयपुर
Name of publisher, distributor, etc आविष्कार पब्लिशर्स
Date of publication, distribution, etc 2005
270 ## - ADDRESS
City 807, व्यास बिल्डिंग, चौड़ा रास्ता
Address जयपुर
Postal code 302003 (राज.)
Telephone number 2578159
Fax number 2578159
Electronic mail address aavishkarbooks@hotmail.com
300 ## - PHYSICAL DESCRIPTION
Extent viii,240पृ
Dimensions 22सेमी (सजिल्द)
490 ## - SERIES STATEMENT
Series statement (भारतीय समाज शास्त्र शोध ग्रन्थमाला-2)
700 ## - ADDED ENTRY--PERSONAL NAME
Personal name जैन, अमिता
942 ## - ADDED ENTRY ELEMENTS (KOHA)
Institution code [OBSOLETE] dpl
Item type Hindi Books
Call number prefix 815 / शर्मारी
Source of classification or shelving scheme Dewey Decimal Classification
Classification part 815
Call number suffix शर्मारी
Holdings
Withdrawn status Lost status Source of classification or shelving scheme Damaged status Not for loan Home library Current library Date acquired Cost, normal purchase price Total Checkouts Full call number Barcode Date last seen Copy number Cost, replacement price Koha item type
    Dewey Decimal Classification     D.B.Act.Division D.B.Act.Division 22/09/2008 500.00   815 शर्मारी HN-53629 15/09/2008 1 500.00 Hindi Books

© Delhi Public Library
Hit Counter
free hit counter